Spoiling for a site (Record no. 68095)

MARC details
000 -LEADER
fixed length control field 01205cam a2200229 4500
001 - CONTROL NUMBER
control field ABS64350
008 - FIXED-LENGTH DATA ELEMENTS--GENERAL INFORMATION
fixed length control field 010828n2001 000 0 eng u
035 ## - SYSTEM CONTROL NUMBER
System control number (Sirsi) u114353
100 ## - MAIN ENTRY--PERSONAL NAME
Personal name Lanaghan, K
245 ## - TITLE STATEMENT
Title Spoiling for a site
260 ## - PUBLICATION, DISTRIBUTION, ETC.
Date of publication, distribution, etc. 2001
490 ## - SERIES STATEMENT
Series statement Estates Gazette
Volume/sequential designation (0132) 11 August 2001, 84(1)
520 ## - SUMMARY, ETC.
Summary, etc. Two recent cases show that developers should proceed with caution if a council is selling land at a bargain price. In "R v Hackney LBC ex p Structadene Ltd", Structadene had the council's contract set aside after the council rejected Structadene's higher bid in favour of the small businesses already on the site: Structadene argued that the council were in breach of their statutory duty to obtain the best price. But in "R (Lidl (UK) GmbH) v Swale BC" the court decided that Lidl's action was a 'spoiling tactic' intended to prevent its rival, Aldi, from acquiring land in an area where Lidl wished to trade.
590 ## - LOCAL NOTE (RLIN)
Local note ABS
650 ## - SUBJECT ADDED ENTRY--TOPICAL TERM
Topical term or geographic name entry element R V HACKNEY LBC EX P STRUCTADENE LTD
650 ## - SUBJECT ADDED ENTRY--TOPICAL TERM
Topical term or geographic name entry element LIDL (UK) GMBH V SWALE BC
650 ## - SUBJECT ADDED ENTRY--TOPICAL TERM
Topical term or geographic name entry element STATUTORY DUTY
650 ## - SUBJECT ADDED ENTRY--TOPICAL TERM
Topical term or geographic name entry element BEST PRICE
650 ## - SUBJECT ADDED ENTRY--TOPICAL TERM
Topical term or geographic name entry element PLANNING PROCESS
690 ## - LOCAL SUBJECT ADDED ENTRY--TOPICAL TERM (OCLC, RLIN)
Topical term or geographic name as entry element PROPERTY-PROPERTY DEVELOPMENT
942 ## - ADDED ENTRY ELEMENTS (KOHA)
Suppress in OPAC 0
Holdings
Withdrawn status Lost status Source of classification or shelving scheme Damaged status Not for loan Home library Current library Shelving location Date acquired Total Checkouts Full call number Barcode Date last seen Copy number Price effective from Koha item type
    Dewey Decimal Classification     London London Journal article 28/08/2001   ABS64350 114353-1001 06/08/2019 1 06/08/2019 Journal article